Cash Flow

Bibliographic Details
Format: Electronic Software
Language:Slovak
Published: Bratislava Verlag Dashöfer 2014
Subjects:

MARC

LEADER 00000nmm a2200000 4500
001 vtls011765242
003 SK-MaSNL
005 20260301102120.0
007 co |g |uuua
008 180704s2014 xo | fqf b 000 0 slo
015 |a SNBS2019 
020 |a 9788081780004  |q (elektronická kniha) 
040 |a SNK  |b slo  |c SNK  |e rda 
041 0 |a slo 
044 |a xo  |c SK 
072 7 |a 658  |x Riadenie a správa podniku  |2 konspekt 
080 |a 658.14/.15  |2 2011 
080 |a (035)  |2 2011 
080 |a (0.034.44)  |2 2011 
245 0 0 |a Cash Flow 
264 1 |a Bratislava  |b Verlag Dashöfer  |c 2014 
300 |a 1 CD-ROM  |c 12 cm 
336 |a text  |b txt  |2 rdacontent 
337 |a počítač  |b c  |2 rdamedia 
338 |a počítačový disk  |b cd  |2 rdacarrier 
500 |a Názov z disku 
538 |a Inštalačné CD 
650 0 7 |a peňažné toky  |2 SNKPH  |9 70057 
650 0 7 |a Cash flow  |2 SNKPHeng  |9 363276 
655 7 |a príručky  |2 SNKPH  |9 74364 
655 7 |a CD-ROM  |2 SNKPH  |9 70236 
655 7 |a Handbooks, manuals, etc.  |2 SNKPHeng  |9 90964 
919 |a 978-80-8178-000-4 
999 |c 691221  |d 693151 
952 |a SNK  |b SNK  |y PREZ  |7 0  |p 17A1333201  |o snkSCDM 10051  |i snk2018/14435  |8 0  |0 0  |1 0  |4 0  |d 2018-07-04  |l 0  |r 2026-02-23 20:27:11  |w 2026-02-23 
952 |t snkCAS 658  |a SNKMST  |b SNKMST  |y PREZ  |7 0  |p 17A1333200  |o snkSCDM 10051 D1  |i snk2018/14436  |8 0  |0 0  |1 0  |4 0  |d 2018-07-04  |l 0  |r 2025-08-13 00:00:00  |w 2026-02-23